| 000 | 00847nam a2200241 4500 | ||
|---|---|---|---|
| 008 | 080421s1980 oku b 001 0 eng | ||
| 020 | _a0880700068 :USD8.95 | ||
| 020 | _a0930014456 | ||
| 090 |
_aBV4335 _bR39d |
||
| 100 | 1 |
_aRichards, Larry, _d1931- |
|
| 245 | 1 | 0 |
_aDeath & the caring community : _bministering to the terminally ill / _cLarry Richards, Paul Johnson. |
| 260 |
_aPortland, Or. : _bMultnomah Press, _cc1980. |
||
| 300 |
_a210 p. ; _c23 cm. |
||
| 490 | 1 | _aA critical concern book. | |
| 500 | _aIncludes indexes. | ||
| 504 | _aBibliography: p. 195-201. | ||
| 650 | 4 | _aChurch work with the sick. | |
| 650 | 4 | _aChurch work with the terminally ill. | |
| 650 | 4 | _aPastoral medicine. | |
| 700 | 1 |
_aJohnson, Paul, _d1915- _ejoint author. |
|
| 951 |
_p8349 _x00017276 _oBV4335/R39d _j080421114612920 _d2000-12-21 _cGC |
||
| 999 |
_c31219 _d31219 |
||